Farm buildings: structural techniques and materials: v.2 foundations and floors (Record no. 43150)

MARC details
000 -LEADER
fixed length control field 00608nam a2200157 a 4500
008 - FIXED-LENGTH DATA ELEMENTS--GENERAL INFORMATION
fixed length control field 120416s1972 ||||||||||||||||| || u
050 ## - LIBRARY OF CONGRESS CALL NUMBER
Classification number NA 8200 Wel
100 ## - MAIN ENTRY--PERSONAL NAME
Personal name Weller, John B
245 10 - TITLE STATEMENT
Title Farm buildings: structural techniques and materials: v.2 foundations and floors
260 ## - PUBLICATION, DISTRIBUTION, ETC.
Place of publication, distribution, etc. London:
Name of publisher, distributor, etc. Crosby Lockwood
Date of publication, distribution, etc. 1972
300 ## - PHYSICAL DESCRIPTION
Extent vii, 190p.: ill.
350 ## - PRICE (NR) (BK AM CF MU VM SE) [OBSOLETE]
Price 0.00
650 ## - SUBJECT ADDED ENTRY--TOPICAL TERM
Topical term or geographic name entry element BUILDINGS
650 ## - SUBJECT ADDED ENTRY--TOPICAL TERM
Topical term or geographic name entry element FARM BUILDINGS--DESIGN AND CONSTRUCTION
995 ## - RECOMMENDATION 995 [LOCAL, UNIMARC FRANCE]
-- 0.00
-- CBU-MAIN LIBRARY (Kitwe)
-- 1
-- 0.00
-- 1
-- AVAILABLE
-- Main Library Open Access Collection
Holdings
Withdrawn status Lost status Source of classification or shelving scheme Damaged status Not for loan Home library Current library Shelving location Date acquired Total Checkouts Full call number Barcode Date last seen Price effective from Koha item type
          CBU-MAIN LIBRARY, KITWE. CBU-MAIN LIBRARY, KITWE.   11/30/2022   NA 8200 Wel 010612 11/30/2022 11/30/2022 MONOGRAPH